Statystyki dla Państwa które mają największe lotniska na świecie

Kliknij tutaj aby rozwiązać quiz!

Ogólne statystyki

  • Ten quiz został rozwiązany 134 razy
  • Średni wynik to 8 z 10

Statystyki odpowiedzi

#Państwo% Poprawnych
1Stany Zjednoczone
100%
2Chiny
96%
6Francja
93%
9Niemcy
93%
5Wielka Brytania
92%
4Japonia
86%
3Zjednoczone Emiraty Arabskie
68%
10Polska
59%
8Korea Południowa
51%
7Holandia
40%

Rozkład punktacji

Percentyl według liczby udzielonych odpowiedzi

Procent ludzi z każdym wynikiem

Twoja historia wyników

Nie rozwiązałeś tego quizu